Länder mit den meisten Häftlingen pro Kopf - Statistiken

Allgemein
  • Dieses Quiz wurde 310 mal gespielt
  • Das Durchschnittsergebnis liegt bei 4 aus 19
Antwortstatistiken
# Land % Korrekt
541 Vereinigte Staaten
95%
408 Brasilien
64%
1659 El Salvador
45%
443 Türkei
30%
345 Nauru | Costa Rica | Belarus
29%
522 Panama
29%
794 Kuba
27%
391 Thailand
19%
449 Uruguay
13%
482 Bahamas
9%
361 St. Vincent und die Grenadinen
6%
356 Dominica
5%
400 Antigua und Barbuda
4%
576 Turkmenistan
4%
620 Ruanda
2%
516 Tonga
2%
367 Palau
1%
467 Kap Verde
0%
393 Seychellen
0%
Keine übereinstimmenden Quizze gefunden
Verteilung der Resultate
Anzahl Personen mit jedem Resultat
Perzentil nach korrekt beantworteten Fragen
Ihre Resultats-Entwicklung
Sie haben dieses Quiz noch nicht gespielt